| 000 | 01206cam a22003254a 4500 | ||
|---|---|---|---|
| 999 |
_c28553 _d28524 |
||
| 001 | 11993080 | ||
| 003 | EG-ScBUE | ||
| 005 | 20200815102951.0 | ||
| 008 | 000502s2001 enka f b 001 0 eng d | ||
| 020 | _a0130219711 | ||
| 020 | _a9780130219718 | ||
| 040 |
_aDLC _beng _erda _cDLC _dEG-ScBUE |
||
| 082 | 0 | 4 |
_a658.4012 _bHAB _222 |
| 100 | 1 |
_aHaberberg, Adrian, _eauthor. |
|
| 245 | 1 | 4 |
_aThe strategic management of organisations / _cAdrian Haberberg and Alison Rieple, University of Westminster. |
| 246 | 3 | _aStrategic management of organizations | |
| 264 | 1 |
_aHarlow, England : _bPearson Education Limited, _c2001. |
|
| 300 |
_axxii, 842 pages : _billustrations ; _c25 cm |
||
| 336 |
_2rdacontent _atext _btxt |
||
| 337 |
_2rdamedia _aunmediated _bn |
||
| 338 |
_2rdacarrier _avolume _bnc |
||
| 504 | _aIncludes bibliographical references and index. | ||
| 650 | 7 |
_aStrategic planning. _2BUEsh |
|
| 653 |
_bBUSADM _cJuly2020 |
||
| 655 |
_vReading book _934232 |
||
| 700 | 1 |
_aRieple, Alison, _eauthor. |
|
| 906 |
_a7 _bcbc _corignew _d1 _eocip _f20 _gy-gencatlg |
||
| 942 |
_2ddc _cBB |
||